000 00887nam a2200217 4500
001 40651
003 BD-RjUL
005 20241009111532.0
008 160507s1991 bg || |||| 00| 0 ben
035 _a(BD-RjUL)40766
040 _aBD-RjUL
_bben
_cBD-RjUL
041 _aben
082 _223
_a301.0721
_bMIS 1991
100 _aমিজানউদ্দিন, মুহম্মদ
_9125080
245 1 0 _aসমাজবিজ্ঞান :
_bপ্রত্যয় ও পদ্ধতি /
_cমুহম্মদ মিজানউদ্দিন
260 _aরাজশাহী বিশ্ববিদ্যালয় :
_bলেখক,
_c১৯৯১
300 _a[১২], ১৪৮পৃ. ;
_c২১ সেমি.
650 _aসমাজবিদ্যা : গবেষণা পদ্ধতি
_9125081
650 _aSOCIOLOGY:RESEARCH METHOD
_9125082
942 _2ddc
_cBK
999 _c40651
_d40651